000 01282nam a22002297a 4500
999 _c59348
_d59348
003 Ge_BSU
005 20230126122242.0
008 230126s2002 ge ||||| |||| 00| 0 geo d
020 _a9992898321
041 _ageo
080 _a34(47+57)(09) 321(47+57)(09) ნ-15
100 _aნადარეიშვილი, გიორგი
_916804
245 _aყოფილი საბჭოთა კავშირის ხალხების სახელმწიფოსა და სამართლის ისტორია /
_c გიორგი ნადარეიშვილი ; რედაქტორი ზ. ნანობაშვილი.
264 _aთბილისი :
_bბონა კაუზა,
_c2002.
300 _a477 გვ. ;
_b20 სმ.
504 _a ბიბლიოგრაფია ტექსტის შენიშვნებში.
653 _aსაბჭოთა კავშირის ხალხთა სამართლის ისტორია
653 _aსაბჭოთა სახელმწიფოს ისტორია
700 _aნანობაშვილი, ზ.
_eრედაქტორი
_916805
773 _tნაჩუქარი
942 _2udc
_cBK